Pět trendů, které změní trh s pojištěním

Dopad nových technológií na poisťovací sektor. Inovácie, ktoré zlepšia poskytovanie služieb zákazníkom. Virtuálny poradca- využie umelej inteligencie pri ponúkaní pohodlných a efektívnych služieb. Každenný koučink - technológie umožňujúce komunikáciu v reálnom čase. Plug and play - poistenie drahšie...

Descrizione completa

Salvato in:
Dettagli Bibliografici
Autore principale: Sobková, Martina
Natura: Capitolo di libro
Lingua:ceco
Soggetti:
Tags: Aggiungi Tag
Nessun Tag, puoi essere il primo ad aggiungerne!!

MARC

LEADER 00000naa a2200000 4500
001 0241894
005 20180411093006.9
041 0 |a cze 
044 |a CZ 
245 1 0 |a Pět trendů, které změní trh s pojištěním  |c Martina Sobková 
520 |a Dopad nových technológií na poisťovací sektor. Inovácie, ktoré zlepšia poskytovanie služieb zákazníkom. Virtuálny poradca- využie umelej inteligencie pri ponúkaní pohodlných a efektívnych služieb. Každenný koučink - technológie umožňujúce komunikáciu v reálnom čase. Plug and play - poistenie drahšieho typu elektroniky a pod. Budovanie ekosystému - spolupráca s inými partnermi, výnosná pre všetky strany. Peer to peer activity - vyššia kontrola a transparentosť dát. 
610 2 0 |a poisťovne 
610 2 0 |a poisťovníctvo 
610 2 0 |a inteligencia umelá 
610 2 0 |a technológie informačné 
610 2 0 |a technológie komunikačné 
610 2 0 |a technológie nové 
100 1 |a Sobková, Martina